Words that have AEIOU #6 - Statistics

General Stats
  • This quiz has been taken 42 times
  • The average score is 5 of 16
Answer Stats
Hint Starting
Letter
Answer % Correct
Beyond the visible spectrum of light U Ultraviolet
86%
An establishment where dead bodies are reduced to ashes C Crematorium
65%
Someone who may speak quickly to sell items to bidders A Auctioneer
59%
Having less than the minimum amount of essential nutrients M Malnourished
43%
Someone with thousands of thousands of dollars, but not billions M Multimillionaire
32%
Relating to spontaneous defenses to pathogens; e.g., T cells A Autoimmune
30%
Of no importance or relevance; unimportant I Inconsequential
30%
The shift to electronic programmable devices; e.g., at a worksite C Computerization
24%
Incapable of being overcome or passed by; insuperable I Insurmountable
24%
Recovery from an injury; restoration to a former state; rehabilitation R Recuperation
24%
Disfavouring rule of the people; favouring inequality or elitism U Undemocratic
14%
Infliction of intense pain or mental distress; torture E Excruciation
11%
Without regret; not admitting guilt or acknowledge wrongdoing U Unapologetic
11%
To conceive an abstract idea or plan in the mind C Conceptualize
8%
Not likely or worthy to be detected; inconspicuous or unremarkable U Unnoticeable
5%
A lodging where meals are provided for paying guests B Boardinghouse
3%
No matching quizzes found
Score Distribution
Percent of People with Each Score
Percentile by Number Answered
Your Score History
You have not taken this quiz